000 00459nam a2200157 i 4500
001 81393
003 ES-MaACL
005 20230906174428.0
007 t|
008 041104s1962 sp ||||1| spa d
100 1 _aHoyos y Vinent, José María
_cMarqués de Hoyos.
_964442
245 1 0 _aMi testimonio /
_cJosé María Hoyos y Vinent.
260 _aMadrid :
_bAfrodisio Aguado,
_c[1962]
300 _a253 p. ;
_c26 cm.
852 _aES-MaACL
_jC-21377
_bR.49893
999 _c81393
_d81393